10 najbogatszych stanów USA według średniego dochodu - Statystyki

Ogólne statystyki
  • Ten quiz został rozwiązany 114 razy
  • Średni wynik to 4 z 10
Statystyki odpowiedzi
Dochód ($) Stan % Poprawnych
91 551 Kalifornia
94%
91 306 Waszyngton
75%
96 346 New Jersey
44%
92 458 Hawaje
42%
94 991 Maryland
37%
94 488 Massachusetts
32%
89 302 Kolorado
31%
88 429 Connecticut
30%
89 168 Utah
30%
89 992 New Hampshire
26%
Nie znaleziono quizów pasujących do podanych kryteriów
Rozkład punktacji
Procent ludzi z każdym wynikiem
Percentyl według liczby udzielonych odpowiedzi
Twoja historia wyników
Nie rozwiązałeś tego quizu